[Event "8th Dolomiti Open 2017"]
[Site "Forni di Sopra"]
[Date "2017.06.11"]
[Round "2.1"]
[White "Mufic, Goran"]
[Black "Korneev, Oleg"]
[Result "1/2-1/2"]
[WhiteElo "2247"]
[BlackElo "2569"]
[Annotator "TA"]
[PlyCount "79"]
[EventDate "2017.??.??"]
[EventType "swiss"]
[EventCountry "ITA"]
[SourceTitle "playchess.com"]
[Source "ChessBase"]
[SourceQuality "1"]

{[%evp 21,79,4,8,-26,0,-50,3,0,0,6,10,-39,4,8,43,7,29,0,0,8,1,8,12,0,0,-10,8,0,0,0,0,0,0,0,0,0,0,-7,-7,-3,-10,-10,-10,-12,-15,-15,0,-11,0,0,0,0,0,0,0,0,0,0,0,-8]} 1. d4 Nf6 2. Nf3 d5 3. Bg5 Ne4 4. Bf4 c5 5. c3 Nc6 6. e3 Qb6 7. Qb3 {D03: 1 d4 d5 2 Nf3 Nf6 3 Bg5, including Torre Attack with early ...d5} c4 8. Qc2 h6 9. Nbd2 Bf5 10. Nxe4 Bxe4 11. Qc1 e6 {LiveBook: 5 Games} 12. Be2 $146 ({Predecessor:} 12. Nd2 Bh7 13. Be2 {½-½ (74) Trent,L (2433)-Rose,M (2282) England 2011}) 12... Be7 13. Nd2 Bh7 ({Black should play} 13... Bxg2 $15 14. Rg1 g5) 14. e4 O-O 15. O-O Qd8 16. Bf3 b5 17. Re1 Qd7 (17... g5 $5 {[%cal Rg5f4]} 18. Bg3 f5 19. exd5 exd5 $11) 18. Nf1 e5 19. Bxe5 (19. dxe5 $5 {[%cal Re4d5]} dxe4 20. Bxe4 $14) 19... Nxe5 {The position is equal.} 20. dxe5 d4 21. cxd4 Qxd4 22. Rd1 Qxe5 23. Rd5 Qb8 24. a4 a6 25. axb5 axb5 26. Rxa8 Qxa8 27. Rxb5 Bxe4 28. Bxe4 Qxe4 29. b3 (29. Qe3 $5 {[%cal Re3e4]} Qc6 30. Rf5 $15) 29... Rc8 {[#] White must now prevent ...c3.} 30. bxc4 Rxc4 31. Rb8+ Kh7 32. Qb1 Qxb1 33. Rxb1 $11 {[%mdl 4096] Endgame KRB-KRN} Rc2 34. Rb3 (34. Rb7 $5 {[%cal Rb7e7]} Re2 35. g4 $11) 34... g5 35. g4 Bc5 36. Rf3 Kg6 37. Ng3 Bd6 38. Nf5 Bc5 39. Ng3 Bd6 40. Nf5 {Precision: White = 57%, Black = 38%.} 1/2-1/2

[Event "8th Dolomiti Open 2017"]
[Site "Forni di Sopra"]
[Date "2017.06.11"]
[Round "2.2"]
[White "Rotstein, Arkadij"]
[Black "Pitzanti, Matteo"]
[Result "1-0"]
[WhiteElo "2495"]
[BlackElo "2242"]
[Annotator "TA"]
[PlyCount "72"]
[EventDate "2017.??.??"]
[EventType "swiss"]
[EventCountry "ITA"]
[SourceTitle "playchess.com"]
[Source "ChessBase"]
[SourceQuality "1"]

{[%evp 9,72,-3,0,2,20,13,20,20,20,0,0,0,0,0,0,0,0,-14,0,0,0,0,0,0,0,0,13,-2,0,-20,-5,-21,-14,-14,52,52,35,45,73,66,162,156,149,156,225,209,225,29,208,218,220,184,253,308,303,302,289,263,512,125,94,79,247,246,241]} 1. Nf3 d5 2. g3 Nf6 3. Bg2 Nbd7 4. O-O e5 5. d3 Bd6 6. c4 {A07: Réti Opening: New York and Capablanca Systems} c6 7. cxd5 cxd5 8. e4 {The position is equal.} d4 $146 ({Predecessor:} 8... O-O 9. exd5 Nxd5 10. d4 exd4 11. Qxd4 N7b6 12. Nc3 Nxc3 13. Qxc3 {½-½ (46) Schebler,G (2485)-Graf,A (2593) Schwaebisch Gmuend 2010}) 9. Nbd2 O-O 10. Nc4 Bc7 11. a4 Re8 12. Bd2 Nb6 13. Na5 Nbd7 14. b4 Bxa5 15. bxa5 b6 16. axb6 axb6 17. Bb4 Ba6 18. Ne1 h5 19. h3 h4 20. gxh4 Nh7 21. h5 Nc5 (21... Ng5 $11) 22. f4 $14 exf4 23. Rxf4 Qc7 24. Rf2 Rac8 ({Black should try} 24... Bc8 $14) 25. a5 $1 $18 Re6 26. Rc2 {aiming for axb6.} Bb5 (26... Rc6 $16 27. h6 bxa5 28. Rxa5 Qb6) 27. axb6 Qxb6 {[#]} 28. Nf3 $2 (28. h6 $1 $18 {[%mdl 512] And now Qg4 would win.} Rxh6 29. Qg4) 28... Rec6 $2 (28... Ree8 $1 $11 {and Black stays safe.}) 29. Ne5 Re6 30. Qg4 Be8 (30... Nf6 {was worth a try.} 31. Qg5 Ree8) 31. h6 $1 {[%csl Gh6][%cal Rg4g7]} g5 32. Bd2 Qd8 33. Nf3 Rg6 $2 (33... Bd7) 34. Rac1 $2 (34. Ba5 $18 {and the rest is easy.} Qd7 35. Qxd7 Bxd7 36. Rac1) 34... Bd7 $16 35. Qg3 Nb3 $2 (35... Nxd3 $16 36. Rxc8 Bxc8) 36. Rxc8 $18 Bxc8 {Precision: White = 54%, Black = 41%.} 1-0

[Event "8th Dolomiti Open 2017"]
[Site "Forni di Sopra"]
[Date "2017.06.11"]
[Round "2.3"]
[White "Herbrechtsmeier, Christof"]
[Black "Matamoros Franco, Carlos S"]
[Result "0-1"]
[WhiteElo "2240"]
[BlackElo "2478"]
[Annotator "TA"]
[PlyCount "58"]
[EventDate "2017.??.??"]
[EventType "swiss"]
[EventCountry "ITA"]
[SourceTitle "playchess.com"]
[Source "ChessBase"]
[SourceQuality "1"]

{[%evp 21,58,6,-1,-94,-33,-68,-53,-163,-203,-362,-208,-212,-132,-235,-225,-235,-238,-244,-229,-293,-287,-284,-286,-268,-262,-259,-230,-322,-308,-312,-334,-518,-421,-652,-561,-1256,-1257,-2390,-2190]} 1. e4 c5 2. Nf3 Nc6 3. d4 cxd4 4. Nxd4 e5 5. Nb5 {[%cal Bd4b5,Bb5a3,Ba3c4][%mdl 32]} d6 6. N1c3 a6 7. Na3 Be7 8. Nd5 {B32: Sicilian: Löwenthal and Kalashnikov Variations} (8. Be3 Nf6 9. Nc4 b5 10. Nb6 Rb8 11. Nxc8 Qxc8 12. Be2 O-O 13. O-O b4 14. Nd5 Nxe4 15. a4 a5 {½-½ (45) Ponomariov,R (2709)-Cornette,M (2586) chess.com INT 2017}) 8... Nf6 9. Nxf6+ Bxf6 10. Nc4 O-O 11. Be3 Nd4 {LiveBook: 5 Games} 12. a4 $146 (12. c3 $11 {keeps the balance.} b5 13. cxd4 bxc4 14. Bxc4) ({Predecessor:} 12. c3 b5 13. cxd4 bxc4 14. d5 Bg5 15. Qd2 Bxe3 16. Qxe3 {0-1 (39) Cukrowski,F (2324)-Butkiewicz,L (2433) Teplice 2015}) 12... Be6 (12... Bg4 $17 13. f3 Bh4+ 14. Bf2 Qf6) 13. a5 Rc8 14. Ra4 ({White must play} 14. Bxd4 $1 $15 Bxc4 15. Bc3) 14... d5 $19 15. exd5 $2 {[#]} (15. Bxd4 {keeps fighting.} exd4 16. Nb6) 15... Bxd5 (15... Qxd5 $142 16. Bd2 Rfd8) 16. c3 Bc6 {And now ...Nf3+! would win.} 17. Ra1 (17. Nb6 $17) 17... Qe7 18. h4 Rcd8 19. Qb1 Qe6 20. Bg5 Nb3 21. Ra3 Nc5 {[%cal Bb3c5,Bc5e6,Be6f4][%mdl 32] Threatens to win with ...Be4.} 22. Ne3 Bxg5 23. hxg5 {[%csl Gh1][%cal Rb1h7] [#]} Be4 $40 {[%mdl 128] Black goes for the king.} 24. Qa2 Qg6 25. b4 Ne6 26. Bc4 (26. Rb3 $142) 26... Nf4 {Black is clearly winning.} 27. f3 (27. Rh2 $142 Rd7 28. Qb3) 27... Bd3 28. Bxd3 Rxd3 29. c4 Rxa3 {Precision: White = 13%, Black = 80%.} 0-1

[Event "8th Dolomiti Open 2017"]
[Site "Forni di Sopra"]
[Date "2017.06.11"]
[Round "2.4"]
[White "Anurag, Mhamal"]
[Black "Molina, Fabrizio"]
[Result "1-0"]
[WhiteElo "2466"]
[BlackElo "2237"]
[Annotator "TA"]
[PlyCount "59"]
[EventDate "2017.??.??"]
[EventType "swiss"]
[EventCountry "ITA"]
[SourceTitle "playchess.com"]
[Source "ChessBase"]
[SourceQuality "1"]

{[%evp 11,59,22,15,17,40,37,29,35,42,22,40,20,40,48,51,49,52,55,130,143,154,151,273,262,281,263,277,278,262,253,253,285,266,210,270,188,217,235,196,216,976,985,979,983,896,852,29993,29994,29994,29993]} 1. c4 e5 2. g3 d6 3. Bg2 f5 4. d4 Be7 5. dxe5 (5. Nc3 Nf6 6. Nf3 e4 7. Ng5 c6 8. O-O O-O 9. f3 d5 10. cxd5 Nxd5 11. Nh3 exf3 12. Bxf3 Be6 13. Nf4 Nxf4 14. Bxf4 Na6 15. e4 Nb4 16. a3 {½-½ (16) Svidler,P (2755)-Salem,A (2633) Moscow 2017}) 5... dxe5 6. Qxd8+ {A20: English Opening: 1...e5} Bxd8 {LiveBook: 7 Games} 7. b3 a5 $146 ({Predecessor:} 7... e4 8. Bb2 Nf6 9. f3 O-O 10. Nc3 Re8 11. fxe4 fxe4 12. Nh3 {0-1 (37) Zueger,B (2413)-Brunello,S (2592) Sibenik 2012}) 8. Bb2 {White is slightly better.} Bf6 9. Nc3 c6 10. e4 Na6 11. Nf3 {[%cal Bg1f3,Bf3d2,Bd2e4][%mdl 32] White wants to play Na4.} Nc5 12. O-O fxe4 13. Nd2 e3 14. fxe3 {[#] Black must now prevent Nce4.} Bg5 (14... Nd3 $14) 15. Nde4 $16 Bxe3+ 16. Kh1 {aiming for Rae1.} Nd3 (16... Nf6 $16) 17. Ba3 $18 Nb4 18. Nd6+ Ke7 {[#]} 19. Rf7+ $1 Kxd6 20. Ne4+ Ke6 21. Rxg7 {[%cal Rg2h3]} Ne7 22. Bh3+ Nf5 23. Rd1 $40 {[%csl Ge4][%cal Rd1d6][%mdl 128] White has strong attack.} Bd4 {intending ...Bd7.} 24. Rf1 {[%csl Gf1][%cal Rh3f5]} Rf8 25. Rxh7 {Strongly threatening g4.} c5 $2 (25... b5 26. g4 Ng3+ 27. Nxg3 Rxf1+ 28. Bxf1 Kf6) 26. g4 Ng3+ 27. hxg3 {Intending g5+ and mate.} Rxf1+ 28. Bxf1 {Threatening mate with Bh3.} Nc2 29. Bh3 {[%cal Rg4g5]} Ne3 30. Bc1 {Precision: White = 98%, Black = 31%.} 1-0

[Event "8th Dolomiti Open 2017"]
[Site "Forni di Sopra"]
[Date "2017.06.11"]
[Round "2.5"]
[White "Bruno, Fabio"]
[Black "Medancic, Rikard"]
[Result "1-0"]
[WhiteElo "2427"]
[BlackElo "2221"]
[Annotator "TA"]
[PlyCount "61"]
[EventDate "2017.??.??"]
[EventType "swiss"]
[EventCountry "ITA"]
[SourceTitle "playchess.com"]
[Source "ChessBase"]
[SourceQuality "1"]

{[%evp 18,61,68,64,68,59,80,68,77,63,86,57,89,67,138,96,89,97,84,79,79,69,134,110,145,144,143,130,144,132,168,165,208,168,166,71,603,601,743,734,620,517,566,579,977,743]} 1. c4 b6 2. Nf3 Bb7 3. g3 g6 4. Bg2 Bg7 5. O-O e6 6. Nc3 Ne7 7. d4 O-O {A04: Unusual lines after 1 Nf3 and King's Indian Attack} (7... d5 8. cxd5 exd5 9. Bf4 O-O 10. Nb5 Na6 11. Rc1 c6 12. Nd6 Bc8 13. Qa4 Nc7 14. Nxc8 Rxc8 15. Bh3 {0-1 (28) Fridman,D (2649)-Edouard,R (2636) Berlin 2015}) 8. e4 {[%cal Be2e4,Be4e5][%mdl 32]} d6 9. Be3 Nd7 10. Qd2 {LiveBook: 3 Games} a6 11. Rfd1 $146 ({Predecessor:} 11. Bh6 b5 12. Bxg7 Kxg7 13. cxb5 axb5 {1-0 (44) Komljenovic,D (2450)-Fernandez Aguado,E (2360) Barcelona 1993}) 11... d5 12. cxd5 exd5 13. e5 Re8 14. h4 Nf8 15. h5 Bc8 (15... Nf5 $14) 16. hxg6 hxg6 17. Bg5 {Strongly threatening Nxd5!} c6 18. Re1 Nh7 19. Bf4 Be6 ({Black should play} 19... Nf8 $14) 20. Rac1 Qd7 21. Na4 Rab8 22. b3 Rec8 23. Rc3 Nf5 {[#]} 24. Ng5 $1 Nxg5 25. Bxg5 Bf8 26. g4 (26. Bf6 $18 {and White stays clearly on top.}) 26... Nxd4 $2 {[%mdl 8192]} (26... Ng7 $16) 27. Qxd4 $18 {White is clearly winning.} c5 28. Qf4 Bxg4 {[#]} 29. Bxd5 $1 {[%mdl 512]} Qxd5 30. Qxg4 b5 {[#]} 31. Nb6 $1 {[%mdl 512] Precision: White = 47%, Black = 40%.} 1-0

[Event "8th Dolomiti Open 2017"]
[Site "Forni di Sopra"]
[Date "2017.06.11"]
[Round "2.6"]
[White "Barp, Alberto"]
[Black "Naumkin, Igor"]
[Result "1-0"]
[WhiteElo "2233"]
[BlackElo "2401"]
[Annotator "TA"]
[PlyCount "93"]
[EventDate "2017.??.??"]
[EventType "swiss"]
[EventCountry "ITA"]
[SourceTitle "playchess.com"]
[Source "ChessBase"]
[SourceQuality "1"]

{[%evp 15,93,45,59,34,52,64,81,93,79,66,121,132,143,137,175,172,225,212,231,239,254,258,245,235,237,183,176,183,170,169,275,266,274,214,260,209,203,202,236,229,233,231,206,220,299,265,315,329,325,299,1055,1033,995,1004,1741,1698,764,618,616,613,603,597,536,532,589,585,579,580,518,362,1402,1397,1385,1368,1317,1491,1391,1340,1326,1312]} 1. d4 e6 2. c4 f5 3. g3 Nf6 4. Bg2 Bb4+ 5. Bd2 Bxd2+ 6. Qxd2 O-O 7. Nc3 d6 8. Nf3 Nc6 {[%cal Bb8c6,Bc6e7,Be7g6][%mdl 32]} 9. Rd1 {A90: Dutch Defence: Miscellaneous and Modern Stonewall (with ...Bd6)} (9. O-O e5 10. dxe5 dxe5 11. Qxd8 Rxd8 12. e4 fxe4 13. Ng5 Nd4 14. Ngxe4 Nxe4 15. Bxe4 c6 16. Rfe1 Bg4 17. Kg2 Rf8 18. h3 Bh5 19. g4 Bf7 20. b3 h5 21. Rad1 Rad8 22. f3 h4 23. Rd2 Nxf3 {0-1 (23) Sundararajan,K (2435)-Nisipeanu,L (2670) Pardubice 2013}) 9... Ne7 10. O-O Ng6 11. Rfe1 {White is better.} Qe7 $146 ({Predecessor:} 11... Bd7 12. Ng5 h6 13. Nh3 e5 14. dxe5 dxe5 15. Bxb7 f4 16. Qc2 Ne7 17. Bxa8 Qxa8 18. Rxd7 Nxd7 {1-0 (24) Fominyh,A (2551)-Naumkin,I (2412) Cappelle-la-Grande 2003}) 12. e4 f4 {[#]} (12... fxe4 $14 13. Nxe4 h6) 13. e5 $1 $16 {[%cal Re5f6]} dxe5 14. Nxe5 Nxe5 15. dxe5 Ng4 {[#]} (15... Nd7 {keeps fighting.} 16. gxf4 a5) 16. Re4 $1 $18 f3 17. Bxf3 ({Don't play} 17. Rxg4 $6 fxg2 18. Rd4 (18. Kxg2 b6 $16) 18... b6 $16) 17... Nxh2 18. Bg2 ({Weaker is} 18. Kxh2 Rxf3 19. Qd8+ Qf8 $16) 18... Nf3+ 19. Bxf3 $1 Rxf3 20. Qd8+ Qxd8 21. Rxd8+ Rf8 22. Red4 b6 (22... a6 {was called for.} 23. c5 b6) 23. Nb5 c6 24. Rxf8+ Kxf8 {[%mdl 4096] Endgame KRB-KRN} 25. Rf4+ Kg8 26. Nd6 Bd7 27. Rf7 Rd8 28. g4 c5 29. f4 a5 30. Kf2 a4 31. Ke3 h6 32. f5 h5 $2 (32... exf5 33. gxf5 h5) 33. f6 gxf6 34. exf6 Bc6 35. Rg7+ Kf8 36. gxh5 {Threatening mate with h6.} Rxd6 {KRB-KR} 37. h6 {Intending h7 and mate.} Rd4 38. h7 {[%cal Rh7h8]} Re4+ 39. Kd3 {[%cal Rh7h8]} Rh4 40. Rg8+ Kf7 41. h8=Q Rxh8 42. Rxh8 {KR-KB} b5 $2 (42... Kxf6 43. Rb8 Ke5 44. Rxb6 Bd7) 43. Rc8 {White is clearly winning.} bxc4+ 44. Kc3 Bd5 45. Rxc5 Kxf6 46. Ra5 Bc6 47. Kxc4 {Precision: White = 99%, Black = 33%.} 1-0

[Event "8th Dolomiti Open 2017"]
[Site "Forni di Sopra"]
[Date "2017.06.11"]
[Round "2.7"]
[White "Henderson de La Fuente, Lance"]
[Black "Oppici, Gabriele"]
[Result "1-0"]
[WhiteElo "2365"]
[BlackElo "2036"]
[Annotator "TA"]
[PlyCount "73"]
[EventDate "2017.??.??"]
[EventType "swiss"]
[EventCountry "ITA"]
[SourceTitle "playchess.com"]
[Source "ChessBase"]
[SourceQuality "1"]

{[%evp 9,73,26,39,21,52,13,52,50,43,44,56,67,90,102,127,120,189,186,245,240,260,175,194,183,214,225,261,218,297,159,168,173,187,177,160,65,64,57,103,115,289,289,493,477,547,562,684,327,256,146,128,18,879,872,1645,1531,29982,29983,29983,29984,29984,29985,29985,29986,29979,913]} 1. e4 d6 2. d4 Nf6 3. Nc3 Nbd7 4. g4 h6 (4... g6 5. h3 e5 6. Nge2 Bg7 7. Bg2 O-O 8. Be3 a6 9. a4 b6 10. O-O Bb7 11. f4 exd4 12. Nxd4 {0-1 (37) Fressinet,L (2696)-Vachier Lagrave,M (2715) Clichy 2011}) 5. h4 e5 {LiveBook: 4 Games} 6. d5 {B07: Pirc Defence: Miscellaneous Systems} Nc5 7. f3 Be7 8. Be3 {White is slightly better.} Nfd7 $146 ({Predecessor:} 8... Nh7 9. Bb5+ Nd7 10. Bf2 h5 11. g5 g6 12. Qd2 {1-0 (27) Fernandez Romero,E (2425)-Strikovic,A (2524) Dos Hermanas 2004}) 9. Bf2 $1 a5 10. Qd2 c6 11. O-O-O a4 12. a3 Qc7 (12... Nb6 $16) 13. Kb1 $18 Rb8 (13... Qa5 $142 14. Nge2 Nb6) 14. Nge2 Qd8 15. Nc1 Qa5 16. N1a2 Nf6 17. Nb4 {Strongly threatening g5.} Bd7 18. Bc4 Rc8 19. Ba2 (19. g5 $18 Nh5 20. Be3) 19... Na6 $16 20. dxc6 bxc6 21. Nxa6 Qxa6 22. Ne2 ({Better is} 22. Be3 $16) 22... Rb8 $14 23. Ng3 d5 {Hoping for ...Bxa3.} 24. Ka1 $1 d4 $2 (24... Qb7 $16 {is a better defense.} 25. c3 Be6) 25. g5 $1 $18 hxg5 $2 (25... c5 26. gxf6 Qb6) 26. hxg5 Rxh1 27. Rxh1 Ng8 28. g6 (28. Rh8 $142 Bxa3 29. Rxg8+ Bf8 30. Bxd4 $1 {[%mdl 512]}) 28... Be6 {[#]} 29. Bxe6 ({White has to play} 29. Rh8 $1 $18 Bxa2 30. Rxg8+ (30. Kxa2 Kf8 $11) 30... Bf8 31. Kxa2) 29... fxe6 $16 30. Rh8 (30. Nh5 $16) 30... Kf8 $2 {[%mdl 8192] [#]} (30... Kd7 $11) 31. Bxd4 $1 $18 {[%mdl 512]} Rd8 {[#]} (31... exd4 32. Qf4+) 32. Qh2 $1 {Threatening mate with Rxg8+!} Bxa3 {[#]} 33. Rxg8+ $1 {[%mdl 512] White mates.} Kxg8 34. Qh7+ Kf8 35. Qh8+ Ke7 36. Qxg7+ Kd6 37. Bxe5+ {Precision: White = 55%, Black =  9%.} 1-0

[Event "8th Dolomiti Open 2017"]
[Site "Forni di Sopra"]
[Date "2017.06.11"]
[Round "2.8"]
[White "Sgircea, Silvia-Raluca"]
[Black "Vezzosi, Paolo"]
[Result "1/2-1/2"]
[WhiteElo "2208"]
[BlackElo "2333"]
[Annotator "TA"]
[PlyCount "59"]
[EventDate "2017.??.??"]
[EventType "swiss"]
[EventCountry "ITA"]
[SourceTitle "playchess.com"]
[Source "ChessBase"]
[SourceQuality "1"]

{[%evp 23,59,47,52,22,14,18,22,0,12,0,13,11,9,0,41,54,35,27,52,54,42,42,43,35,35,35,35,0,29,-8,52,16,22,16,51,10,27,27]} 1. Nf3 Nf6 2. c4 c5 3. Nc3 Nc6 4. d4 cxd4 5. Nxd4 g6 6. e4 d6 7. Be2 Nxd4 8. Qxd4 Bg7 9. Be3 O-O 10. Qd2 Bd7 11. Rd1 {B36: Sicilian: Maroczy Bind: Gurgenidze System} Bc6 12. f3 a5 {LiveBook: 4 Games} 13. c5 {White is slightly better.} dxc5 14. Bxc5 $146 ({Predecessor:} 14. Qxd8 Rfxd8 15. Rxd8+ Rxd8 16. Bxc5 e6 17. Bb6 Ra8 18. Kf2 {0-1 (48) Rapport,J (2359)-Iturrizaga Bonelli,E (2649) Caleta 2012}) 14... Qc7 15. Qe3 b5 16. Nxb5 Bxb5 17. Bxb5 {Black should prevent 0-0.} a4 {[#] And now ...Qa5+ would win.} 18. Bb6 Qc2 19. O-O {Strongly threatening Rd2.} Qxb2 20. Bc6 {Threatens to win with Rf2.} (20. Qc5 $5 {[%cal Rf1f2]} Rfc8 21. Rf2 Rxc5 22. Rxb2 $16) 20... Bh6 21. Qf2 Qxf2+ 22. Bxf2 ({Don't play} 22. Kxf2 Ra6 $17) 22... Ra6 23. Bb5 Ra5 24. Rb1 Rc8 25. a3 Bf8 26. Bd4 Rc2 ({Black should try} 26... e5 $11 27. Bxe5 Nxe4 28. fxe4 Rc5) 27. Rf2 Rc8 $1 28. Rfb2 Bh6 29. Rb4 Bc1 30. Rxa4 {Precision: White = 34%, Black = 52%.} 1/2-1/2

[Event "8th Dolomiti Open 2017"]
[Site "Forni di Sopra"]
[Date "2017.06.11"]
[Round "2.9"]
[White "Dushyant Sharma"]
[Black "Derakhshani, Dorsa"]
[Result "1/2-1/2"]
[WhiteElo "2049"]
[BlackElo "2321"]
[Annotator "TA"]
[PlyCount "89"]
[EventDate "2017.??.??"]
[EventType "swiss"]
[EventCountry "ITA"]
[SourceTitle "playchess.com"]
[Source "ChessBase"]
[SourceQuality "1"]

{[%evp 15,89,60,54,26,39,27,92,72,196,143,206,217,212,213,237,230,272,262,258,260,250,192,270,200,230,112,115,97,94,85,85,88,145,132,148,144,158,82,89,-79,-75,-77,25,22,26,26,29,29,31,33,33,23,27,10,4,5,13,0,0,-4,0,-38,37,28,75,37,90,144,177,0,0,0,148,0,0,0]} 1. e4 e5 2. Nf3 Nc6 3. Nc3 g6 4. d4 exd4 5. Nxd4 Bg7 6. Nxc6 bxc6 7. Bc4 d6 8. O-O {C41: Philidor Defence} Be6 {LiveBook: 5 Games} (8... Ne7 9. Bg5 O-O 10. Qd2 Rb8 11. Rad1 Be6 12. Bb3 Qd7 13. f4 f6 14. Bh4 Kh8 15. Bf2 Rb7 16. Qd3 Qc8 17. Qa6 Bg8 {1-0 (65) Socko,B (2587)-Semcesen,D (2431) Stockholm 2015}) 9. Bd3 $146 ({Predecessor:} 9. Bb3 Nf6 10. Bg5 O-O 11. f4 Qb8 12. f5 Qb6+ 13. Kh1 Bxb3 14. axb3 Rae8 15. Qd3 Re5 {1-0 (31) Plischki,S (2320)-Taylor,T (2290) Woodland Hills 2012}) 9... Rb8 10. f4 {White is slightly better.} Bd4+ (10... Nf6 $11 {keeps the balance.}) 11. Kh1 $16 Qh4 (11... Nf6 $16 {keeps fighting.}) 12. Bb5 $1 $18 {[%cal Rb5c6]} Rxb5 (12... Bg7 $16 {was called for.}) 13. Nxb5 ({Stronger than} 13. Qxd4 Rh5 $11) 13... Bb6 14. Nd4 Bg4 15. Nf3 Qh5 16. b3 Nh6 17. Bb2 O-O 18. Bd4 c5 (18... d5 $142) 19. Bg1 Re8 20. Qd5 (20. Qd3 $18 {is more deadly.}) 20... Qxd5 $16 21. exd5 Ba5 22. h3 Bf5 23. Rf2 Bc3 (23... Be4 $142) 24. Rd1 Be4 {intending ...Nf5.} 25. Re2 Nf5 26. Kh2 (26. Bh2 $142 $1) 26... Re7 {aiming for ...Bxf3.} 27. Ne5 $2 (27. Ng5 $16 {and life is bright.} Bxd5 28. Rxe7 Nxe7 29. Rd3) 27... Rxe5 $1 $17 28. g4 ({Don't blunder} 28. fxe5 $2 Bxe5+ 29. Kh1 Ng3+ 30. Kh2 Nxe2+ $19) 28... Ne7 (28... g5 $17 {Threatens to win with ...Nh4.} 29. gxf5 gxf4) 29. Kg3 $11 Nxd5 {Hoping for ...Re6.} 30. fxe5 Bxe5+ 31. Kf2 $1 Nc3 32. Rxe4 $1 Nxe4+ $14 {[%mdl 4096] Endgame KRB-KBN} 33. Kg2 f6 34. Bh2 Nc3 35. Re1 Kf7 36. Bxe5 fxe5 $11 {KR-KN} 37. Kg3 Ke6 38. Kh4 h6 (38... Nxa2 $15 39. Ra1 Nb4) 39. g5 $14 {[%mdl 1024] White has compensation.} h5 40. Rf1 $1 {[%cal Rf1f6] Strongly threatening Rf6+.} Ne4 (40... Nd5 $1 $14) 41. Rf8 $1 $16 d5 {[#]} 42. Re8+ $2 (42. a4 $1 $18) 42... Kf5 $1 $11 43. Rf8+ (43. Rd8 $11) 43... Ke6 $16 {[#]} 44. Re8+ (44. a4 $1 $16) 44... Kf5 $1 $11 45. Rf8+ {Precision: White = 54%, Black = 46%.} 1/2-1/2

[Event "8th Dolomiti Open 2017"]
[Site "Forni di Sopra"]
[Date "2017.06.11"]
[Round "2.10"]
[White "Hansson, Hakan"]
[Black "Bifulco, Michel"]
[Result "1/2-1/2"]
[WhiteElo "2011"]
[BlackElo "2254"]
[Annotator "TA"]
[PlyCount "83"]
[EventDate "2017.??.??"]
[EventType "swiss"]
[EventCountry "ITA"]
[SourceTitle "playchess.com"]
[Source "ChessBase"]
[SourceQuality "1"]

{[%evp 17,83,0,0,-15,-13,-5,-12,-21,0,-8,0,-35,-6,-30,2,8,5,10,5,0,21,12,16,0,34,39,132,92,98,12,18,-182,-216,-261,-258,-335,-260,-314,-207,-198,-156,-164,-150,-159,-136,-135,-58,-83,0,0,0,-114,-112,-317,-206,-216,-200,-186,0,0,0,0,0,0,0,0,5118,0]} 1. d4 d5 2. Nf3 e6 3. e3 Nf6 4. Bd3 c5 5. c3 Nc6 6. O-O Bd6 7. Nbd2 O-O 8. e4 cxd4 9. cxd4 e5 {LiveBook: 8 Games} 10. exd5 {D05: Colle System with ...e6} Nxd4 ({Much weaker is} 10... Nxd5 11. dxe5 Nxe5 12. Nxe5 $14) 11. Nxd4 exd4 12. h3 $146 {The position is equal.} ({Predecessor:} 12. Nc4 Be7 13. Re1 Nxd5 14. Qh5 g6 15. Qf3 Nb4 16. Bb1 Be6 17. Ne5 Bd5 {1-0 (31) Campora,D (2545)-Sion Castro,M (2415) Elgoibar 1996}) 12... Bc7 13. Nf3 Qxd5 14. Qc2 Bb6 {White must now prevent ...Bxh3!} 15. Bg5 Qd6 16. Bxf6 Qxf6 17. Bxh7+ Kh8 {Threatens to win with ...g6.} 18. Be4 Rb8 19. Qd3 (19. a4 $5 {[%cal Ra4a5]}) 19... Be6 20. Rfc1 Rfd8 21. a4 {aiming for a5.} Qf4 (21... Rd7 $14) 22. g3 Qh6 23. a5 (23. h4 $16) 23... Bxa5 $1 $11 24. Rxa5 $2 (24. h4 $11 {and White has nothing to worry.}) 24... Qxc1+ $19 25. Kg2 b5 {[%cal Bb7b5,Bb5b4][%mdl 32]} ({But not} 25... Qxb2 26. Ng5 $17) 26. Ne5 Qc7 27. Nc6 {[#]} f5 $1 28. Bf3 (28. Bxf5 Qxc6+) 28... Rd6 29. Rxa7 Qb6 30. Qa3 b4 ({Stronger than} 30... Rxc6 31. Qe7 $16) 31. Qa4 Rxc6 (31... Rf8 $17 {Hoping for ...d3.} 32. Ra6 Bb3 $1 {[%mdl 512]}) 32. Bxc6 $15 {[#]} Rd8 (32... Bb3 $1 $17 {[%cal Rb3a4]} 33. Qa6 Qxa6 34. Rxa6 d3) 33. Ra8 d3 34. Rxd8+ (34. Bf3 $11 {remains equal.} Bc8 35. Qa7 Qxa7 36. Rxa7) 34... Qxd8 $17 35. Qd1 $2 (35. Kg1 $17 {was the only chance.}) 35... Bd5+ 36. Bxd5 Qxd5+ $19 {[%mdl 4096] Endgame KQ-KQ} 37. Qf3 Qe4 $2 (37... Qd7 $19 38. Qd1 d2) 38. Qxe4 $11 fxe4 39. Kf1 g5 40. Ke1 Kg7 41. Kd2 g4 $2 {[%mdl 8192]} (41... Kg6 $11) 42. h4 $2 {Precision: White = 26%, Black = 38%.} ({White has to play} 42. hxg4 $18 Kg6 43. Ke3) 1/2-1/2